00909nam a2200241Ia 450000500170000000800410001702000180005810000340007624501260011025000180023630000250025449000640027965000490034365000490039265000340044170000330047526400250050833600270053333700330056033800280059304000350062108400110065620220317001542.0161108s2008 s g 000 j s  a97884460288401 aMaupassant, Guy ded1850-189310aBola de sebo, Mademoiselle Fifi y otros cuentoscGuy de Maupassant ; traducción y prólogo Roberto Mansberger Amorós a1a. edición a221 páginasc18 cm aBásica de bolsillo : clásicos de la literatura francesa142LEMBaCuentos juveniles francesesySiglo XIX142LEMBaLiteratura juvenil francesaySiglo XIX142LEMBaGuerra en la literatura1 aMansberger Amorós, Roberto aMadridbAkalc[2008] atextobtxt2rdacontent asin mediaciónbn2rdamedia avolumenbnc2rdacarrier aCO-BoRNBPbspaerdacCO-BoRNBP aC MAU1